The Project Gutenberg Collection of Works by Freethinkers With Linked On-line and Off-line Indexes to 157 Volumes by 90 Authors; Plus Indexes to 15 other Author's Multi-Volume Sets.
Saved in:
| Other Authors: | |
|---|---|
| Format: | Electronic eBook |
| Language: | English |
| Published: |
Project Gutenberg,
2012
|
| Series: | Project Gutenberg
41450 |
| Online Access: | http://www.gutenberg.org/etext/41450 Rights |
| Tags: |
Add Tag
No Tags, Be the first to tag this record!
|
| Call Number : |
MARC
| LEADER | 00000cam a22000003a 4500 | ||
|---|---|---|---|
| 001 | 70472 | ||
| 003 | MY-KLNDU | ||
| 005 | 20241219030959.0 | ||
| 008 | 121123s2012||||xxu|||||s|||||000 | eng d | ||
| 035 | |a (PGUSA)41450 | ||
| 039 | 9 | |a 202104081230 |b VLOAD |y 202104030013 |z VLOAD | |
| 040 | |a PGUSA |b eng | ||
| 042 | |a dc | ||
| 245 | 1 | 4 | |a The Project Gutenberg Collection of Works by Freethinkers With Linked On-line and Off-line Indexes to 157 Volumes by 90 Authors; Plus Indexes to 15 other Author's Multi-Volume Sets. |h [electronic resource] / |c by Various; edited by David, 1932- Widger |
| 260 | |b Project Gutenberg, |c 2012 | ||
| 500 | |a Project Gutenberg | ||
| 506 | |a Freely available. | ||
| 516 | |a Electronic text | ||
| 599 | |a Dummy Record | ||
| 700 | 1 | |a Widger, David, 1932-, |e Editor | |
| 830 | 0 | |a Project Gutenberg |v 41450 | |
| 856 | 4 | 0 | |u http://www.gutenberg.org/etext/41450 |
| 856 | 4 | 2 | |u http://www.gutenberg.org/license |3 Rights |
| 999 | |a vtls000084319 |c 70472 |d 70472 | ||